00438nam a2200169Ia 4500008004100000020001300041040001900054041001200073082002300085100001700108245004100125250001500166260003300181300002100214650002300235850001000258131103s9999 xx 000 0 und d a33023853 aLoreto College aEnglish aF/CREbLCLIB/22240 aCreasey,John 4aThe scene of the crimecJohn Creasey aUnabridged aLondonbPan Books Ltd.c1961 a192 p. c 18 cm. aFiction in English aLCLIB